000 00454nam a2200157 i 4500
001 69404
003 ES-MaACL
005 20230906170519.0
007 t|
008 040705s1965 sp ||||1| spa d
100 1 _aGarcía Brera, Miguel Ángel.
_954292
245 1 0 _aCanción para quienes amo /
_cMiguel Angel García Brera.
260 _aBilbao :
_bAlrededor de la Mesa,
_c1965.
300 _a31 p. ;
_c22 cm.
852 _aES-MaACL
_j2042-F-15
_bR.55958
999 _c69404
_d69404